000 00282nam a22001337a 4500
008 171012b xxu||||| |||| 00| 0 eng d
020 _a9780205439188
041 _aeng
080 _a316
100 _a50
101 _aSOC
245 _aISSUES IN AGING
_cNOVAK,M
942 _2udc
_cBK
999 _c33494
_d33494